000 01083na a2200325 4500
999 _c8264
_d8264
001 19651
003 MIRAKIL
005 20200225161459.0
008 170124b tu 000 0
035 _a19651
040 _aMilas
_btur
_cTR-AnCHP
041 _atur
082 _aCHP 338.1
_bC36t [2001?]
090 _aBROŞÜR 74
110 _aCumhuriyet Halk Partisi (CHP)
_bTarım Masası
222 _aTarım raporları
222 _aCHP tarım
245 _aCHP programında tarım:
_bAnkara, Nisan 2000/
_cCumhuriyet Halk Partisi Tarım Masası.
260 _aAnkara:
_bCHP Genel Merkezi Tarım Masası,
_c2000.
300 _a24 s.:
_c21 sm.
440 _aCumhuriyet Halk Partisi yayınları
_pRaporlar
610 _aCHP
_xTarım sorunları
_yÇözüm önerileri
610 _aCHP
_xProgramlar, 2000
_yTarım
610 _aCHP
_xPropaganda ve ideolojiler
_yTarım politikaları
830 _aCHP raporları
856 _zDijital Nüshası için Partimizin Kütüphane Sorumlusu ile iletişime geçiniz.
942 _2ddc
_cVIS
999 _d8264